000 01098nam a2200313Ia 4500
003 OSt
005 20221007125340.0
006 a|||||r|||| 00| 0
007 ta
008 221006b |||||||| |||| 00| 0 eng d
020 _a0198503598 (pbk)
_cRs.1,175.00
024 _a9311
037 _bDhanraj,
_cTextual
040 _aCDL
_cCDL
_beng
041 _2eng
_aeng
082 _aE:2:(9S), N9
100 _aCady M P
_9721815
245 0 _a<A>Mathcad primer for physical chemistry by M P Cady and C A Trapp
_b Trapp C A
260 _aNew
_bYork Oxford University Press
_c1999
300 _ax, 334p
_ccm.
490 _vIncludes CD-ROM
500 _aIndex 331-334p; ^n23/CSL/Carc/2001-2002/972^d2002-03-15^mPurchase; ; 2001-02/591^b2002-03-26^c313^d2002-03-18^eRs.1,057.50^fDhanraj Book Distributors; ; 2002-08-01^bSB^c2003-09-12^dJindal
650 _a Data Processing
_9601271
650 _a Physical
_9297719
650 _aChemistry
700 _a Trapp C A
_9721816
942 _hE:2:(9S), N9
_cTEXL
_2CC
999 _c1215123
_d1215123